| 000 | 00902nam a22002537a 4500 | ||
|---|---|---|---|
| 003 | UPN | ||
| 005 | 20230202063533.0 | ||
| 008 | 220928s2018 mx ||||| |||| 00| 0 spa d | ||
| 040 |
_aMX-MxUPN _bspa _cMX-MxUPN |
||
| 050 | 4 |
_aHV6250.4 W65 _bQ56 2018 |
|
| 100 | 1 |
_aQuintero Soto, María Luisa _937567 |
|
| 100 | 1 |
_aVelázquez Rodríguez, Elisa B. _q(Elisa Bertha) _938383 |
|
| 100 | 1 |
_aPadilla Loredo, Silvia _946839 |
|
| 245 | 1 | 0 | _aDe la violencia de género a la educación de la equidad social |
| 250 | _aPrimera edición | ||
| 260 |
_aEstado de México : _bUniversidad Autónoma del Estado de México |
||
| 260 |
_aCiudad de México : _bMiguel Ángel Porrúa, _c©2018. |
||
| 300 | _a98 páginas | ||
| 490 | _aEstudios de género | ||
| 650 | 4 |
_aViolencia contra las mujeres _99029 |
|
| 650 | 0 |
_aIgualdad _xEstudio y enseñanza _946859 |
|
| 902 | _aNoemiAcosta/280922 | ||
| 942 |
_2lcc _cLIBRO |
||
| 999 |
_c208894 _d208894 |
||